000 00807cab a2200253 4500
001 WB2915-23
008 090401t1993 xxu||||| |||| 00| 0 eng d
035 _a(Sirsi) u5912
041 _aeng
245 _aWind farms in Wales
260 _c1993
350 _a0
490 _aWestern Mail
_v10 April 1993, 4
490 _aFinancial Times
_v13 April 1993, 9(1)
520 _aThe biggest wind farm outside the US has been built at Llandinam, Powys. Consultants, Wallace Evans, have identified about 140 further sites in Wales which could be used for wind farms.
650 _aGREEN ISSUES
650 _aNON-FOSSIL FUELS OBLIGATION
650 _aWALES
650 _aWIND FARMS
650 _aWIND POWER
690 _aENVIRONMENTAL AND LAND CONSULTANCY-ENERGY
942 _n0
948 _c04/03/1997
999 _c3538
_d3538